=LDR 00000nam 2200000 4500 =001 INLIS000000000048955 =005 20200311084358 =035 ##$$a 0010-011700000000236 =008 200311################g##########0#ind## =020 ##$$a 978-602-7720-35-0 =082 ##$$a 297.474 =090 ##$$a 297.474 Ama b =100 ##$$a Amanullah Halim =245 1#$$a Buku putih kaum jihadis : $b menangkal ekstremisme agama dan fenomena pengafiran /$c Penyadur, Amanullah Halim =260 ##$$a Tangerang :$b Lentera Hati,$c 2015 =300 ##$$a xxvi, 311 hlm ; $c 21 X 14 cm. =500 ##$$a Bibliografi : hlm. 309 - 311 =650 #4$$a Jihad =850 ##$$a NBPDMAT =084 ##$$a 297.474 AMA b =990 ##$$a 21601690 =990 ##$$a 21601691 =990 ##$$a 21601692 =990 ##$$a 21601693 =990 ##$$a 21601694